Aqueous environmental geochemistry

Збережено в:
Бібліографічні деталі
Автор: Langmuir, Donald (Автор)
Формат: Книга
Мова:Англійська
Опубліковано: Upper Saddle River Prentice Hall 1997
Предмети:
Теги: Додати тег
Немає тегів, Будьте першим, хто поставить тег для цього запису!

MARC

LEADER 00000nam a2200000 a 4500
001 UCK5639
003 CL-VaPUC
008 050805e19970000us |||||||||||||||||eng|d
020 |a 0023674121 
082 0 4 |a 551.48  |b LAN  |2 21 
100 0 |a Langmuir, Donald  |e author  |9 494519 
245 1 0 |a Aqueous environmental geochemistry 
300 |a 600 p 
942 |c BK 
945 |d 20050805 00:00:00  |a jcarroza 
260 |a Upper Saddle River  |b Prentice Hall  |c 1997 
650 0 |a Química del agua   |9 261152 
650 7 |a GEOQUIMICA  |2 CL-VaPUC  |9 306863 
650 0 |a Minerales   |9 264051 
583 |a last modification  |c 20171205 12:41:54  |k Rodrigo Vera 
999 |c 314135  |d 314133 
952 |0 0  |1 0  |4 0  |6 551_480000000000000_LAN_1997  |7 0  |8 CCM  |9 386076  |a BIBCUR  |b BIBCUR  |d 2019-11-22  |i 4151879  |o 551.48 LAN 1997  |p 4151879  |r 2025-04-22  |w 2019-11-22  |y BK  |k CIM